ARRUPE JESUIT UNIVERSITY

CORONAVIRUS -STOP THE SPREAD - CLEAN,DISINFECT,COVER

Zeida de nulle part : (Record no. 118789)

MARC details
000 -LEADER
fixed length control field 00769mam a2200265 a 4500
001 - CONTROL NUMBER
control field 395973
003 - CONTROL NUMBER IDENTIFIER
control field ARRUPE
005 - DATE AND TIME OF LATEST TRANSACTION
control field 20131127140926.0
008 - FIXED-LENGTH DATA ELEMENTS--GENERAL INFORMATION
fixed length control field 860423s1985 fr 000 1 fre d
020 ## - INTERNATIONAL STANDARD BOOK NUMBER
Cancelled/invalid ISBN 2858024720
035 ## - SYSTEM CONTROL NUMBER
System control number (OCoLC)ocm13482826
035 ## - SYSTEM CONTROL NUMBER
System control number (CStRLIN)NYCG85-B98118
035 ## - SYSTEM CONTROL NUMBER
System control number (NNC)abt4143
035 ## - SYSTEM CONTROL NUMBER
System control number (NNC)395973
040 ## - CATALOGING SOURCE
Original cataloging agency UIU
Transcribing agency UIU
Modifying agency RRR
050 ## - LIBRARY OF CONGRESS CALL NUMBER
Classification number PR9408.M34
Item number H6Z4
300 ## - PHYSICAL DESCRIPTION
Dimensions 19 cm.
100 1# - MAIN ENTRY--PERSONAL NAME
Personal name Houari, Leïla,
Dates associated with a name 1958-
9 (RLIN) 4244
245 10 - TITLE STATEMENT
Title Zeida de nulle part :
Remainder of title roman /
Statement of responsibility, etc Leïla Houari ; préface de Martine Charlot.
260 ## - PUBLICATION, DISTRIBUTION, ETC. (IMPRINT)
Place of publication, distribution, etc Paris :
Name of publisher, distributor, etc L'Harmattan,
Date of publication, distribution, etc c1985.
300 ## - PHYSICAL DESCRIPTION
Extent 85 p. ;
490 1# - SERIES STATEMENT
Series statement Ecritures arabes,
International Standard Serial Number 0757-1429 ;
Volume number/sequential designation no 17
830 #0 - SERIES ADDED ENTRY--UNIFORM TITLE
Uniform title Ecritures arabes ;
Volume number/sequential designation no 17.
9 (RLIN) 4245
942 ## - ADDED ENTRY ELEMENTS (KOHA)
Source of classification or shelving scheme Library of Congress Classification
Koha item type Monograph ( Printed materials)
Holdings
Withdrawn status Lost status Source of classification or shelving scheme Damaged status Not for loan Collection code Home library Current library Shelving location Date acquired Total Checkouts Full call number Barcode Date last seen Price effective from Koha item type
    Library of Congress Classification     Main Collection ARRUPE LIBRARY ARRUPE LIBRARY Main Collection 27/11/2013   PR9408.M34 H6Z4 46410408 27/11/2013 27/11/2013 Monograph ( Printed materials)

 

Arrupe Library. PO Box MP320 Mt Pleasant, Harare, Zimbabwe
263 242 745411|librarian@aju.ac.zw